000 00725pam a2200253 i 4500
999 _c2236
_d2236
003 OSt
005 20210707084329.0
008 751119s1976 nyu b 001 0 eng
020 _a0471669466
040 _cDLC
050 0 0 _aRT84.5
_b.P37
060 _aWY87 P296h
100 1 _aPaterson, Josephine G.
245 1 0 _aHumanistic nursing /
_cJosephine G. Paterson, Loretta T. Zderad.
260 _aNew York :
_bWiley,
_cc1976.
300 _axi, 141 p. ;
_c24 cm.
500 _aIncludes index.
504 _aBibliography: p. 133-137.
650 0 _aNursing
_xPhilosophy.
650 2 _aNursing.
700 1 _aZderad, Loretta T.,
_ejoint author.
906 _a7
_bcbc
_corignew
_d1
_eocip
_f19
_gy-gencatlg
942 _2lcc
_cBK
_nMM